| 000 | 00587pam a2200205 i 4500 | ||
|---|---|---|---|
| 005 | 20131029100217.0 | ||
| 008 | 751015s1976 caua b 001 0 eng | ||
| 020 | _a0716705524. | ||
| 041 | 0 | _aeng | |
| 080 | _a301.1 | ||
| 100 | 1 | _aAronson, Elliot. | |
| 245 | 1 | 4 |
_aThe social animal / _cElliot Aronson. |
| 250 | _a2d ed. | ||
| 260 |
_aSan Francisco : _bW. H. Freeman, _cc1976. |
||
| 300 |
_axiv, 336 p. : _bill. ; _c24 cm. |
||
| 490 | 0 | _aA series of books in psychology | |
| 504 | _aIncludes bibliographical references and indexes. | ||
| 650 | 0 | _aPsikologjia sociale | |
| 942 |
_2udc _cBK |
||
| 999 |
_c202 _d202 |
||